000 00588nam a22001937a 4500
005 20131218112540.0
010 _aENG-108863
020 _a9789383158027
_c895.00
035 _aEN-92396
037 _bDBAD/PUB
082 _a305.800954133
100 _aPasayat, Chitrasen
245 _aTribal culture:
_cby Chitrasen Pasayat
_bhistory and society /
260 _aNew Delhi
_bS.K. Book Agency
_c2013
270 _a5A/12, Ansari Road Daryaganj
_bNew Delhi
_e110002
300 _ax,220p.
_c22cm(Hb)
500 _aIncludes index
942 _2ddc
_cEN
_mPAS
_h305.800954133
999 _c81218
_d81218